Normal view
MARC view
- Agrawal, Varsha
Entry Personal Name
001 - CONTROL NUMBER
- control field: 110582
003 - CONTROL NUMBER IDENTIFIER
- control field: NUST
005 - DATE AND TIME OF LATEST TRANSACTION
- control field: 20230320104823.0
008 - FIXED-LENGTH DATA ELEMENTS
- fixed length control field: 230320|| aca||aabn | a|a d
040 ## - CATALOGING SOURCE
- Original cataloging agency: NUST
- Transcribing agency: NUST
100 ## - HEADING--PERSONAL NAME
- Personal name: Agrawal, Varsha
670 ## - SOURCE DATA FOUND
- Source citation: Work cat.: (NUST)0: Maini, Anil Kumar. 110581, Satellite technology :, 2011.
